000 00477nam a2200169Ia 4500
005 20250923144445.0
008 008 250917s9999 xx 000 0 eng d
037 _aTextual
040 _aDSWL
_beng
_cDSWL
041 _aeng
_2eng
084 _qDSWL
245 0 _aSome dynamics of social agency administration
_cEd. by Helen W. Hanchette
260 _aNew York
_b Family Service Association of
_c1945
300 _aiv,76p.
942 _cTEXL
999 _c1439125
_d1439125